[Event "Washington G/60 Championships"]
[Site "Seattle, WA"]
[Date "2014.12.27"]
[Round "3"]
[White "Thomas Arjun  (WA)"]
[Black "Tiglon Bryce  (WA)"]
[Result "0-1"]
[WhiteElo "1777"]
[BlackElo "2254"]
[Annotator ""]
[Source ""]
[Remark ""]

1.e4 c5 2.Nf3 d6 3.Bb5+ Nd7 4.O-O a6 5.Bd3 Ngf6 6.c3 b5 7.Bc2
Bb7 8.Qe2 e5 9.d3 Be7 10.Re1 O-O 11.Nbd2 Re8 12.Nf1 Bf8 13.Bg5
Qc7 14.Ne3 d5 15.exd5 Nxd5 16.Nxd5 Bxd5 17.a4 Qb7 18.axb5 axb5
19.Rxa8 Rxa8 20.Be3 g6 21.d4 cxd4 22.cxd4 Bb4 23.Rd1 Bc4 24.Bd3
e4 25.Bxc4 exf3 26.Bxf7+ Kxf7 27.gxf3 Qd5 28.Rc1 Re8 29.Qd1 Bd6
30.f4 Nb6 31.b3 Qe4 32.Qc2 Qxc2 33.Rxc2 Rc8 0-1

[Event "Washington G/60 Championships"]
[Site "Seattle, WA"]
[Date "2014.12.27"]
[Round "4"]
[White "Hendricks David  (WA)"]
[Black "Thomas Arjun  (WA)"]
[Result "1-0"]
[WhiteElo "1641"]
[BlackElo "1777"]
[Annotator ""]
[Source ""]
[Remark ""]

1.d4 Nf6 2.Bf4 c5 3.e3 cxd4 4.exd4 g6 5.Nf3 d6 6.Bc4 Bg7 7.c3
O-O 8.Nbd2 a6 9.a4 Nc6 10.O-O Bg4 11.h3 Bf5 12.Re1 Nd7 13.g4
e5 14.Bg5 Qb6 15.gxf5 exd4 16.fxg6 hxg6 17.Qc2 Kh8 18.Re4 Nde5
19.Rh4+ Kg8 20.Nxe5 Nxe5 21.Bd5 dxc3 22.Nc4 cxb2 23.Rb1 Qc5 24.Qe4
Qb4 25.Rxb2 Qxa4 26.Qb1 Nxc4 27.Qxg6 Qd1+ 28.Kh2 Qxd5 29.Qh7# 1-0

[Event "Washington G/60 Championships"]
[Site "Seattle, WA"]
[Date "2014.12.27"]
[Round "4"]
[White "Tiglon Bryce  (WA)"]
[Black "Colasurdo James  (WA)"]
[Result "1-0"]
[WhiteElo "2254"]
[BlackElo "2059"]
[Annotator ""]
[Source ""]
[Remark ""]

1.c4 Nf6 2.Nc3 e6 3.e4 c5 4.Nf3 d6 5.d4 cxd4 6.Nxd4 a6 7.Be3
Nbd7 8.Rc1 Qc7 9.g3 b6 10.Bg2 Bb7 11.O-O Be7 12.Nd5 Qd8 13.Nxe7
Qxe7 14.f3 O-O 15.Re1 Rfd8 16.b3 Qf8 17.Bf2 Rab8 18.a4 Ne5 19.Qd2
Nc6 20.Ne2 Ba8 21.Nc3 Nd7 22.Rcd1 Nc5 23.Qc2 Nb4 24.Qb1 d5 25.cxd5
exd5 26.e5 Rbc8 27.Ne2 Qe7 28.Nd4 g6 29.f4 Ne4 30.Rc1 Nxf2 31.Kxf2
Rc5 32.Bh3 Qc7 33.Kg1 Nd3 34.Rxc5 Nxc5 35.e6 Ne4 36.exf7+ Kxf7
37.Ne6 Qe7 38.Nxd8+ Qxd8 39.Qd3 Qc7 40.Qe3 Qc5 41.Bg2 Qxe3+ 42.Rxe3
Ke7 43.Bxe4 dxe4 44.Kf2 Kd6 45.Rc3 Bc6 46.Ke3 Bb7 47.Kd4 b5 48.axb5
axb5 49.Rc5 Bc6 50.Re5 h6 51.b4 1-0

[Event "Washington G/60 Championships"]
[Site "Seattle, WA"]
[Date "2014.12.27"]
[Round "2"]
[White "Tiglon Bryce  (WA)"]
[Black "Yeo Noah  (WA)"]
[Result "1-0"]
[WhiteElo "2254"]
[BlackElo "1731"]
[Annotator ""]
[Source ""]
[Remark ""]

1.e4 e5 2.Nf3 Nc6 3.Bb5 Nge7 4.c3 g6 5.d4 exd4 6.cxd4 Bg7 7.d5
Ne5 8.Nxe5 Bxe5 9.Nc3 Bg7 10.O-O O-O 11.Be3 d6 12.Bd4 f5 13.Bxg7
Kxg7 14.Qd4+ Kg8 15.e5 dxe5 16.Qxe5 Qd6 17.Rfe1 Kf7 18.Qd4 a6
19.Bc4 Ng8 20.Re3 Nf6 21.Rae1 Bd7 22.g4 Rae8 23.Rxe8 Rxe8 24.Rxe8
Kxe8 25.g5 Ng4 26.f4 Qe7 27.Qh8+ Qf8 28.Qxf8+ Kxf8 29.Nd1 Ke7
30.h3 Nf6 31.gxf6+ Kxf6 32.h4 h6 33.Kf2 g5 34.hxg5+ hxg5 35.fxg5+
Kxg5 36.Kf3 Be8 37.Nf2 Bh5+ 38.Ke3 a5 39.Nh3+ Kg4 40.Be2+ Kxh3
41.Bxh5 Kg3 42.Bf3 b6 43.a3 a4 44.Bh5 b5 45.Bf3 1-0

[Event "Washington G/60 Championships"]
[Site "Seattle, WA"]
[Date "2014.12.27"]
[Round "2"]
[White "Hendricks David  (WA)"]
[Black "Prentice Gregory  (WA)"]
[Result "1-0"]
[WhiteElo "1641"]
[BlackElo "1811"]
[Annotator ""]
[Source ""]
[Remark ""]

1.d4 d5 2.Bf4 e6 3.e3 Bd6 4.Bg3 Bxg3 5.hxg3 Nf6 6.Bd3 c5 7.c3
Qb6 8.b3 Nc6 9.Nf3 Bd7 10.Nbd2 cxd4 11.exd4 Rc8 12.Rc1 a5 13.Ne5
Qc7 14.Ndf3 h6 15.g4 Ke7 16.Qe2 Qd6 17.O-O Rhe8 18.g5 Ng8 19.Rfe1
Nxe5 20.Nxe5 Rf8 21.gxh6 Nxh6 22.Qh5 Rh8 23.Qg5+ Kf8 24.Re3 Nf5
25.Bxf5 exf5 26.Rg3 g6 27.Re1 Rh5 28.Qf4 Kg7 29.Ree3 Rch8 30.Rh3
Rxh3 31.Rxh3 Rxh3 32.gxh3 Bb5 33.Qg3 Qa3 34.c4 dxc4 35.bxc4 Qc1+
36.Kg2 Bxc4 37.Nxc4 Qxc4 38.Qe5+ Kf8 39.Qb8+ Kg7 40.Qe5+ Kf8
41.Qd6+ Kg7 42.Qe5+ Kh7 43.d5 {%02'time'} 1-0

[Event "Washington G/60 Championships"]
[Site "Seattle, WA"]
[Date "2014.12.27"]
[Round "2"]
[White "Ellinger David  (WA)"]
[Black "Mathews Daniel  (WA)"]
[Result "1-0"]
[WhiteElo "1994"]
[BlackElo "1709"]
[Annotator ""]
[Source ""]
[Remark ""]

1.d4 d5 2.c4 e6 3.Nc3 Nf6 4.cxd5 exd5 5.Bg5 c6 6.e3 Be7 7.Bd3
Nbd7 8.Nge2 Nf8 9.Qc2 h6 10.Bh4 Ne6 11.f3 Nc7 12.O-O g5 13.Bg3
Be6 14.Rab1 h5 15.Bf5 Bxf5 16.Qxf5 Ne6 17.Be5 Rh6 18.b4 Rg6 19.Rfc1
Ng7 20.Qd3 g4 21.f4 Qd7 22.b5 Qf5 23.Qxf5 Nxf5 24.bxc6 bxc6 25.Kf2
g3+ 26.Nxg3 Ng4+ 27.Ke2 Nxg3+ 28.hxg3 Nxe5 29.fxe5 Rxg3 30.Kf2
Rg6 31.Rc2 f6 32.e6 f5 33.Ne2 Rxe6 34.Nf4 Rh6 35.Rb7 a5 36.Rcb2
Rc8 37.Ra7 Bd6 38.Rbb7 c5 1-0

[Event "Washington G/60 Championships"]
[Site "Seattle, WA"]
[Date "2014.12.27"]
[Round "2"]
[White "Campbell Tim  (WA)"]
[Black "Colasurdo James  (WA)"]
[Result "0-1"]
[WhiteElo "1737"]
[BlackElo "2059"]
[Annotator ""]
[Source ""]
[Remark ""]

1.e4 c5 2.Nf3 e6 3.d4 cxd4 4.Nxd4 d6 5.Nc3 a6 6.Bc4 b5 7.Bb3
Nf6 8.Bg5 Be7 9.Bxf6 Bxf6 10.Qd2 O-O 11.O-O-O Qe7 12.g4 Bb7 13.Qe3
Nd7 14.f4 Nc5 15.g5 Bxd4 16.Qxd4 Rfd8 17.Rhf1 Rac8 18.h4 a5 19.a3
Bxe4 20.Ba2 Bf5 21.Nxb5 d5 22.h5 a4 23.h6 Qf8 24.hxg7 Qe7 25.Nc3
Rd6 26.Rfe1 Qb7 27.Rd2 0-1

[Event "Washington G/60 Championships"]
[Site "Seattle, WA"]
[Date "2014.12.27"]
[Round "3"]
[White "Colasurdo James  (WA)"]
[Black "Hendricks David  (WA)"]
[Result "1-0"]
[WhiteElo "2059"]
[BlackElo "1641"]
[Annotator ""]
[Source ""]
[Remark ""]

1.d4 Nf6 2.c4 g6 3.Nc3 Bg7 4.e4 d6 5.a3 O-O 6.Nf3 e5 7.d5 a5
8.g4 Nbd7 9.Bd3 Nc5 10.Bc2 c6 11.Be3 cxd5 12.cxd5 Bd7 13.Bxc5
dxc5 14.a4 Re8 15.Kf1 Rb8 16.Bd3 Qc7 17.Qe2 Rec8 18.Nd2 Bh6 19.Nc4
Bf4 20.Na3 Ne8 21.Bb5 Nd6 22.Kg2 c4 23.Bxd7 Qxd7 24.Nab5 Rc5
25.Nxd6 Qxd6 26.Nb5 Qd7 27.Ra3 Rbc8 28.Rc3 Rxb5 29.axb5 Qxb5
30.b3 a4 31.Rxc4 Ra8 32.Rc8+ Rxc8 33.Qxb5 a3 34.Qxb7 Rc2 35.Qa8+
Kg7 36.Qxa3 Be3 37.Rf1 Bd4 38.b4 Rb2 39.d6 Kf6 40.Qa5 Ke6 41.Qc7
Rxb4 42.Qe7# 1-0

[Event "Washington G/60 Championships"]
[Site "Seattle, WA"]
[Date "2014.12.27"]
[Round "3"]
[White "Deshpande Aaryan  (WA)"]
[Black "Ellinger David  (WA)"]
[Result "0-1"]
[WhiteElo "1772"]
[BlackElo "1994"]
[Annotator ""]
[Source ""]
[Remark ""]

1.e4 e6 2.d4 d5 3.Nd2 Nf6 4.e5 Nfd7 5.Bd3 c5 6.c3 Nc6 7.Ne2 cxd4
8.cxd4 Qb6 9.Nf3 f6 10.Nf4 fxe5 11.Nxe5 Bb4+ 12.Kf1 Nf6 13.Nh5
O-O 14.Nxf6+ Rxf6 15.Bg5 Rxf2+ 16.Kxf2 Qxd4+ 17.Be3 Qxe5 18.Rf1
Bd7 19.Be2 Rf8+ 20.Bf3 d4 21.Bd2 d3 22.Kg1 Qd4+ 23.Kh1 Bd6 24.g3
Ne5 25.Bg2 Rxf1+ 26.Qxf1 Ng4 27.Be1 d2 28.Bxd2 Qxd2 29.h3 Ne3
30.Be4 Nxf1 0-1

[Event "Washington G/60 Championships"]
[Site "Seattle, WA"]
[Date "2014.12.27"]
[Round "1"]
[White "Jain Krish  (WA)"]
[Black "Hendricks David  (WA)"]
[Result "0-1"]
[WhiteElo "885"]
[BlackElo "1641"]
[Annotator ""]
[Source ""]
[Remark ""]

1.d4 Nf6 2.c4 g6 3.Nf3 Bg7 4.g3 O-O 5.Bg2 d6 6.O-O c5 7.d5 e6
8.Nc3 exd5 9.cxd5 a6 10.a4 Nbd7 11.Bg5 Re8 12.e4 h6 13.Bxf6 Nxf6
14.Re1 Bd7 15.a5 b5 16.axb6 Qxb6 17.Qc2 Rab8 18.Ra2 Ng4 19.h3
Ne5 20.Nxe5 Bxe5 21.f4 Bd4+ 22.Kh2 Qb3 23.Qxb3 Rxb3 24.Re2 Bxc3
25.bxc3 Rxc3 26.Rxa6 Bb5 27.Rea2 Bxa6 28.Rxa6 Rc2 29.Kh1 Rb8
30.Ra1 Rbb2 31.Rg1 c4 32.Bf1 Rh2# 0-1

[Event "Washington G/60 Championships"]
[Site "Seattle, WA"]
[Date "2014.12.27"]
[Round "1"]
[White "Schroeder Daymon  (WA)"]
[Black "Olson Travis  (WA)"]
[Result "0-1"]
[WhiteElo "1295"]
[BlackElo "1845"]
[Annotator ""]
[Source ""]
[Remark ""]

1.d4 Nf6 2.c4 g6 3.Nf3 Bg7 4.Nc3 d5 5.cxd5 Nxd5 6.e4 Nxc3 7.bxc3
c5 8.h3 O-O 9.Be2 Nc6 10.Be3 Qa5 11.Qd2 cxd4 12.Nxd4 Nxd4 13.Bxd4
Rd8 14.Rd1 Be6 15.O-O Bxa2 16.Ra1 Bxd4 17.Rxa2 Qxc3 18.Qf4 Rac8
19.Ra4 Bb6 20.e5 Rd2 21.Bh5 Rxf2 22.Rxf2 Qe1+ 23.Kh2 Bxf2 0-1

[Event "Washington G/60 Championships"]
[Site "Seattle, WA"]
[Date "2014.12.27"]
[Round "1"]
[White "Colasurdo James  (WA)"]
[Black "Neese Kyle  (MO)"]
[Result "1-0"]
[WhiteElo "2059"]
[BlackElo "1393"]
[Annotator ""]
[Source ""]
[Remark ""]

1.d4 e6 2.c4 Nf6 3.Nc3 Bb4 4.Qc2 O-O 5.Bg5 Bxc3+ 6.Qxc3 d6 7.Nf3
Nbd7 8.e3 Re8 9.Be2 h6 10.Bh4 e5 11.d5 a5 12.O-O Nc5 13.Bxf6
Qxf6 14.Nd2 Bf5 15.f3 Qg5 16.e4 Bd7 17.Nb3 Nxb3 18.axb3 b6 19.Ra3
Rab8 20.Rfa1 h5 21.Qe1 h4 22.b4 h3 23.g3 f5 24.b5 Rf8 25.b4 fxe4
26.bxa5 bxa5 27.fxe4 Bg4 28.Bf1 Rxf1+ 29.Qxf1 Qd2 30.Qf2 Qb4
31.Ra4 Qc3 32.R1a3 Qc1+ 33.Qf1 Qd2 34.Ra2 Qd4+ 35.Rf2 Rf8 36.Raa2
Rxf2 37.Rxf2 a4 38.Qb1 Qxc4 39.b6 cxb6 40.Qxb6 {%02
   Since the game is rather equal here (slightly favoring Black, even), one
must presume that it continued in short time without further recording.}
 1-0

[Event "Washington G/60 Championships"]
[Site "Seattle, WA"]
[Date "2014.12.27"]
[Round "1"]
[White "Huang Andy  (WA)"]
[Black "Ellinger David  (WA)"]
[Result "0-1"]
[WhiteElo "1369"]
[BlackElo "1994"]
[Annotator ""]
[Source ""]
[Remark ""]

1.e4 e6 2.d4 d5 3.exd5 exd5 4.c4 Bb4+ 5.Bd2 Qe7+ 6.Qe2 Nc6 7.cxd5
Bxd2+ 8.Nxd2 Nxd4 9.Qxe7+ Nxe7 10.Bc4 Nc2+ 11.Kd1 Nxa1 12.Kc1
Bf5 13.Bb5+ c6 14.dxc6 Nxc6 15.g4 Bxg4 16.Kb1 O-O 17.Kxa1 Rfd8
18.Ngf3 Bxf3 19.Nxf3 Nd4 20.Nxd4 Rxd4 21.a3 Rad8 22.Be2 Rd2 23.Bf3
b6 24.Rf1 g6 25.Ka2 R8d3 26.Be4 Rd4 27.Bf3 Rf4 28.Bh1 Rfxf2 29.Rxf2
Rxf2 30.h3 Rh2 31.Bd5 Rxh3 32.b4 Rd3 33.Bc4 Rc3 34.Bb5 h5 35.Kb2
Rc7 36.Kb3 h4 37.Bf1 g5 38.Be2 h3 39.Bf3 f5 40.Ka4 g4 41.Bh1
g3 42.Bd5+ Kf8 43.Be6 g2 44.Bxf5 g1Q 45.Bxh3 Qd1+ 46.Kb5 Qd3+
47.Ka4 Qc2+ 48.Kb5 Qc6+ 0-1

[Event "Washington G/60 Championships"]
[Site "Seattle, WA"]
[Date "2014.12.27"]
[Round "4"]
[White "Rupel David  (WA)"]
[Black "He Anthony  (WA)"]
[Result "1/2-1/2"]
[WhiteElo "2096"]
[BlackElo "1987"]
[Annotator ""]
[Source ""]
[Remark ""]

1.d4 d5 2.Nf3 Nf6 3.Bf4 e6 4.e3 Be7 5.Nbd2 O-O 6.Bd3 c5 7.c3
Nbd7 8.O-O b6 9.e4 dxe4 10.Nxe4 Bb7 11.Nd6 Bxd6 12.Bxd6 Re8 13.Re1
cxd4 14.Nxd4 a6 15.Bg3 Nc5 16.Be2 b5 17.Bh4 Ncd7 18.Bf3 Qb6 19.Qe2
Rac8 20.Rad1 Bxf3 21.Nxf3 Qc5 22.Nd4 Nd5 23.Bg3 N7b6 24.Nf5 Nc4
25.Nxg7 Kxg7 26.Qg4+ Kf8 27.b3 Ncb6 28.Be5 f6 29.Bd4 Qd6 {
  The remainder of the scoresheet is rather illegible in places (and some of
the previous moves may be misinterpreted as well).  What I can tell you is that
the two players agreed to a draw at or beyond move 45.} 1/2-1/2

[Event "Washington G/60 Championships"]
[Site "Seattle, WA"]
[Date "2014.12.27"]
[Round "4"]
[White "Manivannan Arvind  (WA)"]
[Black "Schroeder Daymon  (WA)"]
[Result "1/2-1/2"]
[WhiteElo "710"]
[BlackElo "1295"]
[Annotator ""]
[Source ""]
[Remark ""]

1.d4 d5 2.Nc3 Nf6 3.Bg5 Nc6 4.Bxf6 exf6 5.Nf3 Bb4 6.a3 Ba5 7.b4
Bb6 8.e3 Qe7 9.Be2 O-O 10.Nxd5 Qd6 11.Nxb6 cxb6 12.O-O Bf5 13.Bd3
Bd7 14.Bb5 a6 15.Bxc6 Bxc6 16.h3 Rac8 17.Rc1 Ba4 18.Re1 Rc3 19.Re2
Rfc8 20.d5 Bb3 21.Nd4 Bxd5 22.Nb3 Qc6 23.Rd2 Rxb3 24.Rxd5 1/2-1/2

[Event "Washington G/60 Championships"]
[Site "Seattle, WA"]
[Date "2014.12.27"]
[Round "1"]
[White "Kam Ethan  (WA)"]
[Black "Thomas Arjun  (WA)"]
[Result "0-1"]
[WhiteElo "1235"]
[BlackElo "1777"]
[Annotator ""]
[Source ""]
[Remark ""]

1.e4 e6 2.d4 d5 3.Nc3 Nf6 4.Bd3 c5 5.Nf3 Nc6 6.e5 Nd7 7.Bb5 cxd4
8.Nxd4 Ncxe5 9.Bf4 Qf6 10.Bxe5 Qxe5+ 11.Nce2 Bd6 12.c3 O-O 13.Nf3
Qf6 14.Qa4 Nb6 15.Qh4 Qxh4 16.Nxh4 e5 17.O-O-O e4 18.Rhe1 a6
19.Bxa6 Rxa6 20.Kb1 g5 21.Nf5 Bxf5 22.Nd4 Bg6 23.Ka1 Rfa8 24.a3
Ra5 25.Nb3 Ra4 26.Rd2 Bxa3 27.bxa3 Rxa3+ 28.Kb2 Nc4+ 29.Kc2 e3+
30.Kc1 Rxb3 31.Kd1 exd2 0-1

[Event "Washington G/60 Championships"]
[Site "Seattle, WA"]
[Date "2014.12.27"]
[Round "1"]
[White "Deshpande Aaryan  (WA)"]
[Black "Wade James  (WA)"]
[Result "1-0"]
[WhiteElo "1772"]
[BlackElo "1169"]
[Annotator ""]
[Source ""]
[Remark ""]

1.e4 d6 2.d4 Nf6 3.Nc3 g6 4.Bc4 Bg7 5.h3 O-O 6.Nf3 Nc6 7.Be3
e5 8.d5 Ne7 9.Qd2 Nd7 10.Bh6 f5 11.Bxg7 Kxg7 12.exf5 Nxf5 13.Ne4
Nf6 14.Nxf6 Qxf6 15.O-O-O e4 16.Nh2 Nh6 17.g4 Qxf2 18.Qc3+ Qf6
19.g5 Qxc3 20.gxh6+ Kxh6 21.bxc3 Kg7 22.Rde1 Bf5 23.Re3 b6 24.Nf1
Rae8 25.Ng3 Re7 26.Be2 Kg8 27.h4 1-0

[Event "Washington G/60 Championships"]
[Site "Seattle, WA"]
[Date "2014.12.27"]
[Round "1"]
[White "Puri Raghav  (WA)"]
[Black "MacGregor Logan  (WA)"]
[Result "0-1"]
[WhiteElo "813"]
[BlackElo "1559"]
[Annotator ""]
[Source ""]
[Remark ""]

1.e4 d5 2.d3 dxe4 3.dxe4 Qxd1+ 4.Kxd1 Nc6 5.Nc3 Bd7 6.Bd3 O-O-O
7.Be3 e5 8.Nf3 f6 9.Re1 Nb4 10.Bxa7 b6 11.a3 Nxd3 12.cxd3 Kb7
13.Bxb6 cxb6 14.d4 Bg4 15.Ke2 exd4 16.Red1 Ne7 17.h3 Bxf3+ 18.Kxf3
Nc6 19.Ne2 Ne5+ 20.Kg3 d3 21.Nf4 Bd6 22.Ne6 Rd7 23.Rac1 Re8 24.Nd4
Nc6+ 25.f4 Nxd4 26.Rxd3 Ne2+ 27.Kf2 Nxc1 28.Rd1 Bc5+ 29.Ke1 Rxe4+
30.Kf1 Rxd1# 0-1

[Event "Washington G/60 Championships"]
[Site "Seattle, WA"]
[Date "2014.12.27"]
[Round "3"]
[White "Schroeder Daymon  (WA)"]
[Black "Tu Robin  (WA)"]
[Result "0-1"]
[WhiteElo "1295"]
[BlackElo "1717"]
[Annotator ""]
[Source ""]
[Remark ""]

1.d4 Nf6 2.c4 g6 3.Nf3 Bg7 4.Nc3 O-O 5.e4 d6 6.Bf4 Nbd7 7.Be2
c5 8.d5 h6 9.h4 g5 10.Bg3 Nh5 11.O-O Nxg3 12.fxg3 Qa5 13.Qd2
Nb6 14.Nxg5 hxg5 15.Qxg5 Qb4 16.Qxe7 Nxc4 17.Bh5 Ne5 18.Qxd6
Bg4 19.Bxg4 Nxg4 20.Qd7 Qd4+ 21.Kh1 Nf2+ 22.Rxf2 Qxf2 23.Qg4
Qxb2 24.Rd1 Qxc3 25.d6 Rad8 26.d7 Qf6 27.e5 0-1

[Event "Washington G/60 Championships"]
[Site "Seattle, WA"]
[Date "2014.12.27"]
[Round "2"]
[White "Manivannan Arvind  (WA)"]
[Black "Kam Ethan  (WA)"]
[Result "0-1"]
[WhiteElo "710"]
[BlackElo "1235"]
[Annotator ""]
[Source ""]
[Remark ""]

1.d4 d5 2.Nc3 Nf6 3.Bg5 Nc6 4.Bxf6 exf6 5.e3 Bb4 6.Nge2 O-O 7.a3
Ba5 8.b4 Bb6 9.Nf4 Bf5 10.Ncxd5 Re8 11.Be2 Be4 12.O-O Bxd5 13.Nxd5
Qxd5 14.b5 Nxd4 15.exd4 Qxd4 16.Bf3 Qxd1 17.Raxd1 Rab8 18.Rde1
Ba5 19.Rxe8+ Rxe8 20.Bxb7 Rb8 21.Rd1 g6 22.Bf3 Rxb5 23.Rd8+ Kg7
24.Bc6 Rb1+ 25.Rd1 Rxd1# 0-1

[Event "Washington G/60 Championships"]
[Site "Seattle, WA"]
[Date "2014.12.27"]
[Round "2"]
[White "Qian Daniel  (WA)"]
[Black "Jain Krish  (WA)"]
[Result "1/2-1/2"]
[WhiteElo "1175"]
[BlackElo "895"]
[Annotator ""]
[Source ""]
[Remark ""]

1.e4 d5 2.exd5 Qxd5 3.Nc3 Qa5 4.Bc4 c6 5.Nf3 Nf6 6.d3 Bg4 7.Bd2
Qc7 8.O-O Nbd7 9.Bg5 e6 10.Bxf6 Nxf6 11.Ne4 O-O-O 12.Ned2 Bd6
13.h3 Bh5 14.Qe1 Rhe8 15.Qe3 Kb8 16.Qg5 Bg6 17.Nb3 e5 18.Rfe1
h6 19.Qc1 Bh5 20.Nfd2 Nd5 21.d4 exd4 22.Rxe8 Rxe8 23.Bxd5 cxd5
24.Nxd4 Qb6 25.Nf5 Be5 26.c3 g6 27.Nxh6 Rf8 28.g4 Bf4 29.Nxf7
Bg3 30.Qe1 1/2-1/2

[Event "Washington G/60 Championships"]
[Site "Seattle, WA"]
[Date "2014.12.27"]
[Round "1"]
[White "Piper August  (WA)"]
[Black "Manivannan Arvind  (WA)"]
[Result "1-0"]
[WhiteElo "1500"]
[BlackElo "605"]
[Annotator ""]
[Source ""]
[Remark ""]

1.g3 e5 2.Bg2 d5 3.c4 Nf6 4.d3 dxc4 5.Qa4+ Nc6 6.Qxc4 Be6 7.Qc2
Bb4+ 8.Nc3 Nd5 9.Bd2 Nd4 10.Qd1 O-O 11.Nf3 Nxc3 12.bxc3 Nxf3+
13.Bxf3 Bc5 14.O-O Bh3 15.Re1 f5 16.Qb3+ Kh8 17.Qxb7 f4 18.Qb5
Bxf2+ 19.Kxf2 Rb8 20.Qxe5 fxg3+ 21.Qxg3 Qd7 22.Kg1 Qf5 23.Bg2
Bxg2 24.Qxg2 Rf7 25.Rf1 Qc5+ 26.d4 Qe7 27.Rxf7 Qxf7 28.Qf3 Qxf3
29.exf3 Rb2 30.Be1 Rc2 31.h4 h5 32.a4 a5 33.Ra3 Rb2 34.c4 Rb1
35.Kf2 g5 36.hxg5 h4 37.f4 h3 38.Rxh3+ Kg7 1-0

[Event "Washington G/60 Championships"]
[Site "Seattle, WA"]
[Date "2014.12.27"]
[Round "4"]
[White "Neese Kyle  (MO)"]
[Black "Jain Krish  (WA)"]
[Result "0-1"]
[WhiteElo "1359"]
[BlackElo "895"]
[Annotator ""]
[Source ""]
[Remark ""]

1.d4 d5 2.c4 e6 3.Nc3 Nf6 4.cxd5 exd5 5.Bg5 Be7 6.Nf3 O-O 7.e3
Bg4 8.Be2 Nc6 9.Bxf6 Bxf6 10.Qb3 Rb8 11.Nxd5 Re8 12.Nxf6+ Qxf6
13.Rc1 Bxf3 14.Bxf3 Nxd4 15.Qd1 Nxf3+ 16.Qxf3 Qxf3 17.gxf3 c6
18.Rd1 Rbd8 19.Ke2 Rxd1 20.Rxd1 Kf8 21.Rd7 Re7 22.Rd8+ Re8 23.Rxe8+
Kxe8 24.Kd3 Kd7 25.a4 Kd6 26.Kc4 b6 27.b4 a5 28.b5 c5 0-1

[Event "Washington G/60 Championships"]
[Site "Seattle, WA"]
[Date "2014.12.27"]
[Round "2"]
[White "Neese Kyle  (MO)"]
[Black "Lawler Aidan  (WA)"]
[Result "0-1"]
[WhiteElo "1359"]
[BlackElo "1118"]
[Annotator ""]
[Source ""]
[Remark ""]

1.d4 Nf6 2.c4 g6 3.Nc3 Bg7 4.Nf3 O-O 5.Bg5 d6 6.e4 Nc6 7.Qd2
Nd7 8.Bh6 e6 9.O-O-O e5 10.Bxg7 Kxg7 11.h4 h5 12.Be2 Nf6 13.dxe5
dxe5 14.Qxd8 Rxd8 15.Rxd8 Nxd8 16.Nxe5 Ne6 17.g4 hxg4 18.Nxg4
Nf4 19.Bd1 Nxg4 20.f3 Ne5 21.Ne2 Nfd3+ 22.Kc2 Nf2 23.Rf1 Nxd1
24.Rxd1 Nxc4 25.Rd8 f5 26.Nf4 Nd6 27.Nd5 fxe4 28.Nxc7 exf3 29.Rxd6
Bf5+ 30.Kb3 Rc8 31.Nb5 0-1

[Event "Washington G/60 Championships"]
[Site "Seattle, WA"]
[Date "2014.12.27"]
[Round "3"]
[White "Huang Andy  (WA)"]
[Black "Campbell Tim  (WA)"]
[Result "0-1"]
[WhiteElo "1279"]
[BlackElo "1714"]
[Annotator ""]
[Source ""]
[Remark ""]

1.e4 c5 2.Nf3 Nc6 3.d4 cxd4 4.Nxd4 g6 5.Nc3 Bg7 6.Be3 Nf6 7.Bc4
O-O 8.O-O d6 9.Bb3 Ng4 10.h3 Nxe3 11.fxe3 Bd7 12.Qd2 Rc8 13.Rad1
Ne5 14.Qe2 Bc6 15.Nxc6 bxc6 16.Rf4 Nd7 17.Rdf1 e6 18.Qf2 Qe7
19.Qd2 Nc5 20.Rd1 Be5 21.Rff1 Bxc3 22.Qxc3 Nxe4 23.Qb4 Nc5 24.Qd4
d5 25.Qb4 Rfe8 26.Qf4 Ne4 27.Rf3 Rc7 28.c4 Rb8 29.cxd5 exd5 30.Rb1
Nd2 31.Rc1 Nxf3+ 32.gxf3 Rb4 33.Qg3 Qxe3+ 34.Kh2 Qd2+ 35.Kh1
Qxc1+ 36.Kh2 Qd2+ 37.Kh1 Re7 38.Qg4 Rxg4 39.hxg4 Re1# 0-1

[Event "Washington G/60 Championships"]
[Site "Seattle, WA"]
[Date "2014.12.27"]
[Round "1"]
[White "Shubin Daniel  (WA)"]
[Black "Campbell Tim  (WA)"]
[Result "0-1"]
[WhiteElo "991"]
[BlackElo "1714"]
[Annotator ""]
[Source ""]
[Remark ""]

1.e4 c5 2.Nf3 Nc6 3.d4 cxd4 4.Nxd4 g6 5.Bc4 Bg7 6.Be3 Nf6 7.Nc3
O-O 8.Qd2 Ng4 9.Nce2 Nxe3 10.Qxe3 Nxd4 11.Nxd4 Qb6 12.O-O-O a6
13.Rd3 d6 14.Rhd1 Bd7 15.Rb3 Qa7 16.Bd5 Rab8 17.f4 Rfc8 18.f5
Rc5 19.Qg3 Rxd5 20.exd5 Bxd4 21.fxg6 hxg6 22.Qh4 Bf6 23.Qh6 Rc8
24.Rg3 Bf5 25.c3 Qf2 26.Rd2 Qe1+ 27.Rd1 Bxc3 28.Rxe1 Bg7+ 29.Kd1
Bc2+ 30.Ke2 Bxh6 31.Rh3 Bg7 32.b3 Be4 33.Kf2 Rc2+ 34.Re2 Bd4+
35.Kf1 Rc1+ 36.Re1 Bxg2+ 37.Kxg2 Rxe1 38.Rd3 Be5 39.Rd2 Rb1 40.h3
Rb2 41.Rxb2 Bxb2 42.Kf3 Kg7 43.a4 Kf6 44.Kf4 a5 45.h4 Bc3 46.Ke4
Be1 47.Kf4 Bxh4 48.Ke4 g5 49.Kd4 g4 50.Ke4 Bg5 51.b4 axb4 52.a5
b3 53.a6 bxa6 54.Kd4 g3 55.Kd3 g2 56.Kc3 g1Q 57.Kxb3 Qc5 58.Kb2
a5 59.Kb3 Bc1 60.Ka2 Qc2+ 61.Ka1 Qb2# 0-1

[Event "Washington G/60 Championships"]
[Site "Seattle, WA"]
[Date "2014.12.27"]
[Round "1"]
[White "Puri Ishaan  (WA)"]
[Black "Srinivasan Sahas  (WA)"]
[Result "1-0"]
[WhiteElo "1652"]
[BlackElo "693"]
[Annotator ""]
[Source ""]
[Remark ""]

1.e4 e5 2.Nf3 Nc6 3.Bc4 Bc5 4.c3 Nf6 5.d3 h6 6.Nbd2 d6 7.h3 Be6
8.Bb3 O-O 9.Nf1 Qd7 10.Ng3 Rad8 11.Bc2 d5 12.O-O d4 13.Kh2 Qe7
14.Ng1 dxc3 15.bxc3 Rfe8 16.Kh1 Bc8 17.Qe2 Bb6 18.f4 exf4 19.Bxf4
Ne5 20.d4 Ng6 21.Bd2 Ng4 22.Nf5 Bxf5 23.Rxf5 Nf6 24.e5 Nd5 25.Rb1
Ba5 26.c4 Bxd2 27.Qxd2 Nb6 28.c5 Qxc5 29.dxc5 Rxd2 30.cxb6 Rxc2
31.bxa7 Rxa2 32.Rxb7 Nxe5 33.Rb8 Rf8 34.Rxe5 Rxa7 35.Rxf8+ Kxf8
36.Nf3 c6 37.Nd4 Rc7 38.Rf5 Ke7 39.Rf3 c5 40.Nf5+ Ke6 41.Nxg7+
Kd5 42.Nf5 Rc6 43.Ne7+ Ke4 44.Nxc6 c4 45.Nb4 Kd4 46.Rxf7 c3 47.Rc7
Ke3 48.Rxc3+ Kf2 49.Rc2+ Kf1 1-0

[Event "Washington G/60 Championships"]
[Site "Seattle, WA"]
[Date "2014.12.27"]
[Round "1"]
[White "Prentice Gregory  (WA)"]
[Black "Qian Daniel  (WA)"]
[Result "1-0"]
[WhiteElo "1811"]
[BlackElo "1175"]
[Annotator ""]
[Source ""]
[Remark ""]

1.c4 c5 2.Nc3 Nc6 3.g3 g6 4.Bg2 Bg7 5.d3 d6 6.Bd2 Bd7 7.e4 e6
8.Nge2 Nge7 9.O-O O-O 10.a3 Nd4 11.Rb1 a5 12.Nxd4 cxd4 13.Ne2
e5 14.Qc1 Rc8 15.Bh6 b5 16.b3 bxc4 17.bxc4 f6 18.Bxg7 Kxg7 19.Qd2
Qc7 20.f4 Rb8 21.h3 a4 22.Rfc1 Rxb1 23.Rxb1 Rb8 24.Rb2 Rxb2 25.Qxb2
Qc5 26.Nc1 Nc8 27.Na2 Qb6 28.Nb4 Ne7 29.Qc2 g5 30.fxe5 fxe5 31.Kh2
Ng6 32.Bf3 Qd8 33.c5 Qc7 34.c6 Be6 35.Qxa4 Qf7 36.Qd1 Qa7 37.Qc1
Qf7 38.Bg2 Ne7 39.Qxg5+ Kh8 40.h4 Qg7 41.Qd2 Qg8 42.Bh3 Bxh3
43.Kxh3 Qc8+ 44.Kh2 Nxc6 45.Qc2 Ne7 46.Qxc8+ Nxc8 47.g4 Kg7 48.g5
Na7 49.a4 Kg6 50.Kg3 Kh5 51.a5 Nb5 52.a6 Nc7 53.a7 Na8 54.Nd5
Kg6 55.Kg4 h5+ 56.gxh6 Kxh6 57.h5 Kg7 58.Kg5 Kh7 59.h6 Kg8 60.Kf6
Kh7 1-0

[Event "Washington G/60 Championships"]
[Site "Seattle, WA"]
[Date "2014.12.27"]
[Round "2"]
[White "Hu Ethan  (WA)"]
[Black "Huang Andy  (WA)"]
[Result "0-1"]
[WhiteElo "953"]
[BlackElo "1279"]
[Annotator ""]
[Source ""]
[Remark ""]

1.Nf3 Nc6 2.d4 Nf6 3.c4 g6 4.Bf4 Bg7 5.Nc3 d5 6.e3 O-O 7.Bd3
Re8 8.Qc2 Bg4 9.Ne5 Nxe5 10.Bxe5 Be6 11.Qb3 b6 12.Bxf6 Bxf6 13.cxd5
Bc8 14.Rc1 Bb7 15.Be4 Bg7 16.Nb5 a6 17.Nxc7 Rc8 18.Qxb6 Ba8 19.O-O
Rf8 20.Rc2 e6 21.dxe6 Bxe4 22.exf7+ Rxf7 23.Rc6 Bxc6 24.Qxc6
Rfxc7 25.Qxa6 Rc1 26.b4 Qd5 27.g3 Qc4 28.Qxc4+ R8xc4 29.Rxc1
Rxc1+ 30.Kg2 Rb1 31.Kf3 Rxb4 32.Ke4 Ra4 33.f4 0-1